000
00212 a2200097 4500
001
53370
100
_a
Markus, J
245
_a
Special Circiuts Rady Ref
260
_a
N.Y
_b
Mc Graw Hill
_c
090
_c
33619
_d
33619
942
_a
NUST-CAE
_c
M
_c
26246
999
_c
288443
_d
288443